Xử lý nước thải ao nuôi cá tra bằng hệ vật liệu hấp phụ và rau cải Luận văn thạc sĩ Hóa học. Chuyên ngành: Hóa lý thuyết và Hóa lý. Mã số: 8.44.01.19

Salvato in:
Dettagli Bibliografici
Autore principale: Phan, Minh Nhựt
Altri autori: Hồ, Sỹ Thắng (Hướng dẫn)
Natura: Multimedia Libro
Pubblicazione: Đồng Tháp Đại học Đồng Tháp 2020
Soggetti:
Tags: Aggiungi Tag
Nessun Tag, puoi essere il primo ad aggiungerne! !
Thư viện lưu trữ: Trung tâm Học liệu Lê Vũ Hùng, Trường Đại học Đồng Tháp
LEADER 01175ppm a22002538a 4500
001 00046362
005 20210126140141.0
008 170228s2013 ||||||Viesd
041 0 # |a Vie 
082 1 4 |a 546  |b X550L 
100 1 # |a Phan, Minh Nhựt 
245 0 0 |a Xử lý nước thải ao nuôi cá tra bằng hệ vật liệu hấp phụ và rau cải  |b Luận văn thạc sĩ Hóa học. Chuyên ngành: Hóa lý thuyết và Hóa lý. Mã số: 8.44.01.19  |c Phan Minh Nhựt; Hồ Sỹ Thắng (hướng dẫn) 
260 # # |a Đồng Tháp  |b Đại học Đồng Tháp  |c 2020 
300 # # |a 61 tr. + phụ lục  |c 30 cm.  |e 1 bản tóm tắt 
500 # # |a ĐTTS ghi: Bộ giáo dục và đào tạo. Trường Đại học Đồng Tháp 
653 # # |a Luận văn 
653 # # |a Vật liệu hấp phụ 
653 # # |a Rau cải 
653 # # |a Nước 
653 # # |a Nước thải ao nuôi cá tra 
700 1 # |a Hồ, Sỹ Thắng  |e Hướng dẫn 
852 # # |j LV.0002750 
910 # # |d 26/01/2021 
980 # # |a Trung tâm Học liệu Lê Vũ Hùng, Trường Đại học Đồng Tháp